LEADER 05760nam 22007574a 450 001 9910455608303321 005 20200520144314.0 010 $a1-282-76025-4 010 $a9786612760259 010 $a981-279-809-9 035 $a(CKB)2490000000001660 035 $a(EBL)1679765 035 $a(OCoLC)729020412 035 $a(SSID)ssj0000418764 035 $a(PQKBManifestationID)11294213 035 $a(PQKBTitleCode)TC0000418764 035 $a(PQKBWorkID)10377440 035 $a(PQKB)11518918 035 $a(MiAaPQ)EBC1679765 035 $a(WSP)00000505 035 $a(Au-PeEL)EBL1679765 035 $a(CaPaEBR)ebr10422281 035 $a(CaONFJC)MIL276025 035 $a(EXLCZ)992490000000001660 100 $a20100619d2009 uy 0 101 0 $aeng 135 $aurcuu|||uu||| 181 $ctxt 182 $cc 183 $acr 200 10$aGlobalization and international trade policies$b[electronic resource] /$fRobert M. Stern 210 $aHackensack, NJ $cWorld Scientific$dc2009 215 $a1 online resource (796 p.) 225 1 $aWorld scientific studies in international economics ;$v9 300 $aDescription based upon print version of record. 311 $a981-270-013-7 320 $aIncludes bibliographical references. 327 $aContents; Preface and Acknowledgments; Contributors; 1. Introduction and Overview Robert M. Stern; I. Introduction; II. Overview; Part I. Globalization; 2. What the Public Should Know about Globalization and the World Trade Organization Alan V. Deardorff and Robert M. Stern; I. Introduction; II. Globalization; What Is It?; Whom Does It Help and Whom Does It Hurt?; Dynamic Effects of Trade; Effects of International Capital Flows; Other Effects of Globalization; What Should be Done about Globalization?; III. The WTO; What Is It?; Whom Does It Help and Whom Does It Hurt? 327 $aOther Objections to the WTO What Happened in Seattle?; What to Do?; IV. Conclusion; On Globalization:; On the WTO:; On Seattle:; Study Questions; References; Suggested Further Reading; 3. Globalization's Bystanders: Does Trade Liberalization Hurt Countries That Do Not Participate? Alan V. Deardorff and Robert M. Stern; I. Introduction; II. When Can a Country Free Ride?; III. Which Tariffs Will Fall with Multilateral Liberalization?; IV. Preferential Trade Liberalization; V. Conclusion; Study Questions; References; Suggested Further Reading 327 $a4. Global Market Integration and National Sovereignty Andrew G. Brown and Robert M. Stern I. Introduction; II. The Global Trading System: Yesterday and Today; The New Era of the General Agreement on Tariffs and Trade (GATT) and the World Trade Organization (WTO); Reciprocity and the Changing Character of Trade Negotiations; III. Non-Discrimination and Free Trade Arrangements; The Systemic Effects of FTAs; IV. Establishing the Boundaries of the WTO; The Boundaries to the WTO Regime; Economic Nationalism; Domestic Subsidies and Industrial Policies; TRIMS and TRIPS; Government Procurement 327 $aMarkets and Institutions Competition Policy; Labor Standards; Environmental Standards; Health and Safety Standards and Consumer Protection; The Playing Field; Free Trade Agreements; V. Conclusion; Study Questions; References; Suggested Further Reading; 5. Concepts of Fairness in the Global Trading System Andrew G. Brown and Robert M. Stern; I. Introduction; II. The Efficiency Criterion; III. Equality of Opportunity and Market Access; Reciprocity; Initial Conditions; IV. Distributive Equity and Market Access; V. Equality of Opportunity in Supporting Rules; Developed Countries 327 $aDeveloping Countries VI. Procedural Justice; VII. Fairness and the Doha Round; Stiglitz and Charlton Principles of Fairness; Achieving Equality of Opportunity and Distributive Equity in the Doha Round; VIII. Conclusion; Study Questions; References; Suggested Further Reading; Part II. Analysis of Multilateral, Regional, and Bilateral Trading Arrangements; 6. Multilateral Trade Negotiations and Preferential Trading Arrangements Alan V. Deardorff and Robert M. Stern; I. Introduction; II. The Principles of GATT2; III. A Brief History of GATT Negotiating Rounds4 327 $aIV. Preferential Trading Arrangements and the GATT GATT Article XXIV 330 $aThis book brings together a collection of papers that Robert M Stern and his co-authors have written in recent years. The collection addresses a variety of issues pertinent to the global trading system. One group of papers deals with globalization in terms of what the public needs to know about this phenomenon and the role of the World Trade Organization (WTO), whether some countries may be hurt by globalization, how global market integration relates to national sovereignty, and how and whether considerations of fairness are and should be dealt with in the global trading system and WTO negotiation 410 0$aWorld Scientific studies in international economics ;$v9. 606 $aInternational trade 606 $aGlobalization$xEconomic aspects 606 $aFree trade 606 $aForeign trade regulation 606 $aCommercial policy 607 $aUnited States$xCommercial policy 608 $aElectronic books. 615 0$aInternational trade. 615 0$aGlobalization$xEconomic aspects. 615 0$aFree trade. 615 0$aForeign trade regulation. 615 0$aCommercial policy. 676 $a382/.3 700 $aStern$b Robert M$g(Robert Mitchell),$f1927-$0302047 801 0$bMiAaPQ 801 1$bMiAaPQ 801 2$bMiAaPQ 906 $aBOOK 912 $a9910455608303321 996 $aGlobalization and international trade policies$92079206 997 $aUNINA